000 00615nam a2200217 a 4500
001 15009
003 CO-ViMGA
008 141112s2004 ck r 000 u spa d
040 _aCO-ViMGA
_bspa
_cCO-ViMGA
082 0 4 _a301.158 I557
100 1 _aInstituto Maria Cano,
_921764
245 1 0 _aMuerte y paz
260 _aBtá,
_cIsmac,
_c1993
300 _a43.p.
505 _aPena de muerte Movimiento por la paz Situación social y paz
590 _aPrecio :
_10.000
650 1 4 _aCONDICIONES SOCIALES - COLOMBIA
_921765
650 1 4 _aPAZ - COLOMBIA
650 1 4 _aVIOLENCIA - COLOMBIA
_917061
942 _2ddc
_cBK
999 _c25445
_d25445